000 00877cam a2200205 4500
001 WB4023-18
008 040616n2004 000 0 eng u
035 _a(Sirsi) u126484
245 _aEqual opportunities campaign
260 _c2004
490 _aEqual Opportunities Commission Press Release
_v15 June 2004 (4)
520 _aThe Equal Opportunities Commission has launched a campaign, Know your place, to encourage women to work in areas like plumbing, engineering, construction and ICT. Campaign details are available from the EOC website http://www.eoc.org.uk/cseng/policyandcampaigns/kno w_your_place_campaign.asp. http://www.eoc.org.uk/cseng/news/15_june_jive_camp aign.asp
590 _aWB
590 _aWB
650 _aEQUAL OPPORTUNITIES
650 _aWOMEN
650 _aCAREER OPPORTUNITIES
690 _aTRAINING AND CAREER DEVELOPMENT
942 _n0
999 _c117521
_d117521